000 00671cam a22002053a 4500
001 36627
003 PGUSA
005 20140828083810.0
008 110705s2011||||xxu|||||s|||||000 | eng d
040 _aPGUSA
_beng
042 _adc
100 1 _aMangasarian, M. M.
_q(Mangasar Mugurditch),
_d1859-1943
245 1 0 _aHow the Bible was Invented :
_bA Lecture Delivered Before the Independent Religious Society
_h[electronic resource] /
_cM. M. Mangasarian
260 _bProject Gutenberg,
_c2011
506 _aPublic domain in the USA.
516 _aElectronic text
830 0 _aProject Gutenberg
_v36627
856 4 0 _uhttp://www.gutenberg.org/ebooks/36627
942 _cEB
999 _c265882
_d265882